| 000 | 00831nmm a2200265 a 4500 | ||
|---|---|---|---|
| 001 | ocm0002015628 | ||
| 003 | TR-IsHL | ||
| 005 | 20201028180213.0 | ||
| 008 | 181205s2015 tu tur | ||
| 007 | cr cn | ||
| 020 | _a9786056548659 | ||
| 035 |
_a2015628 _b(N$T) |
||
| 050 | 0 | 4 |
_aPL248.H36 _bS46 2015 |
| 090 | 0 | 4 |
_aPL248.H36 _bS46 2015 |
| 100 | 1 | _aHançerler, Aytül | |
| 245 | 1 | 0 |
_aSenden önce senden sonra _h[electronic resource] / _cAytül Hançerler |
| 260 |
_aİstanbul : _bAnemon , _c2015 |
||
| 300 | _a319 p. | ||
| 650 | 4 | _aDil ve Edebiyat | |
| 650 | 4 | _aLanguage and Literature | |
| 650 | 0 | _aTürk romanı | |
| 650 | 0 | _aTurkish fiction | |
| 650 | 7 |
_aLITERARY COLLECTIONS / Middle Eastern _2bisacsh |
|
| 856 | 4 | 0 | _uhttp://search.ebscohost.com/login.aspx?direct=true&scope=site&db=e011xww&AN=2015628 |
| 999 |
_c19031 _d19031 |
||